000 00552nam a2200181Ia 4500
005 20250508160013.0
008 008 250505s9999 xx 000 0 eng d
020 _a0-87207-519-2
037 _aBooks to be hide in OPAC
040 _aFEDL
_beng
_cFEDL
041 _aeng
_2eng
084 _a379.71, CAN
_qFEDL
245 0 _aReport of the proceedings of the national conference on character education in relation to Canadian citizenship
260 _c1919
300 _a135p.
942 _cHB
_h379.71, CAN
999 _c1360910
_d1360910